10 najlepszych polskich skoczków narciarskich - Statystyki

Ogólne statystyki
  • Ten quiz został rozwiązany 319 razy
  • Średni wynik to 7 z 10
Statystyki odpowiedzi
Zakończenie kariery Skoczek % Poprawnych
1.2011 rok Adam Małysz
97%
2.2026 rok Kamil Stoch
95%
4.Nieskończona Dawid Kubacki
91%
5.Nieskończona Piotr Żyła
89%
9.Nieskończona Maciej Kot
80%
8.1976 rok Wojciech Fortuna
66%
6.1988 rok Piotr Fijas
57%
3.1957 rok Stanisław Marusarz
48%
7.1981 rok Stanisław Bobak
39%
10.1972 rok Józef Przybyła
11%
Nie znaleziono quizów pasujących do podanych kryteriów
Rozkład punktacji
Procent ludzi z każdym wynikiem
Percentyl według liczby udzielonych odpowiedzi
Twoja historia wyników
Nie rozwiązałeś tego quizu